000 00542nam a22001817a 4500
005 20251108171141.0
008 250721s1988 xx 000 0 ara d
082 1 4 _a417.5668/عبد
100 1 _aخلف، عبد الله
245 1 0 _aلهجة الكويت بين اللغة و الأدب /
264 1 _aالإسكندرية :
_bشركة الربيعان،
_c1988.
300 _aج1
650 1 7 _aاللغة العربية
650 1 7 _aاللهجات
650 1 7 _aاللهجة العامية
942 _2ddc
_cBK
999 _c57890
_d57890